=LDR 00000nam 2200000 4500 =001 INLIS000000000022781 =005 20130612121514 =008 ***********************************Ind** =035 ##$$0010-061300000022781 =041 ##$$a Ind =082 ##$$a 808.9 =090 ##$$a 808.9, min m =100 ##$$a mindrop, albertine =245 ##$$a Metode karaktrisasi telaah fiksi, Albertine Minderop =260 ##$$a 2--5 $b jakarta =300 ##$$a x, 178, ilus, 21 cm =650 ##$$a Fiksi =850 ##$$a NBPNMAT =990 ##$$a 0001/BPAP-NTB/2015